000 01046cam a2200253 a 4500
005 20241028141248.0
008 021113s1976 mx a 000 0 spa u
050 0 4 _aF1234.5.S47
_bF56 1976
100 1 _aFlores Sevilla, Jesús.
245 1 3 _aLa Familia Serdán /
_cJesús Flores Sevilla ; edición de Jacobo Chencinsky y Santiago Fernández.
250 _aPrimera edición.
260 _aMéxico :
_bSecretaria de Educación Pública,
_c1976.
300 _a199 paginas. :
_bilustraciones. ;
_c17 cm.
490 _aSEPSetentas ;
_vN° 277
600 3 4 _aSerdán
_tLa familia Serdán
600 1 4 _aSerdán, Aquiles,
_d1876-1910
_q[Aquiles Serdán Alatriste]
600 1 7 _aSerdán Alatriste, Máximo,
_d1879-1910.
600 1 4 _aSerdán Alatriste, María del Carmen,
_d1873-1948.
651 7 _aMéxico
_xHistoria
_yRevolución maderista, 1910-1911.
651 7 _2lemb
_aPuebla
_xHistoria
_yRevolución maderista, 1910-1911.
_zMéxico
700 1 _aChencinsky, Jacobo, ed.
700 1 _aFernández, Santiago, ed.
942 _2lcc
_cLIB
999 _c80284
_d80284